| 000 | 00917nam a2200277 a 4500 | ||
|---|---|---|---|
| 001 | BRCA_3985 | ||
| 005 | 20190320204512.0 | ||
| 008 | 150110s1906----gw-a######---#000-0#ger-# | ||
| 041 | _ager | ||
| 044 | _agw | ||
| 050 | 4 |
_aNE670.R4 _b.R45 2 1906 |
|
| 245 | 1 | 0 |
_aRembrandt _bdes Meisters Radierungen in 402 Abbildungen _cheraugegeben Hans Wolfgang Singer. |
| 260 |
_aStuttgart, Alemania _bDeutsche Verlags-Anstalt _c1906 |
||
| 300 |
_axxi, 285 p. _bil. _c26 cm. |
||
| 440 | 0 |
_aKlassiker der Kunst in gesamtausgaben _v8 _910357 |
|
| 500 | _aIncluye índice de ilustraciones | ||
| 500 | _aEdición con cantos dorados | ||
| 500 | _aVer también CDE63 y M46 | ||
| 500 | _aCDE64 | ||
| 600 | 1 | 4 |
_aRembrandt, Harmenszoon van Rijn _d1607-1669 _97357 |
| 650 | 1 | 4 |
_aGrabadores holandeses _97366 |
| 650 | 1 | 4 |
_aGrabados holandeses _910358 |
| 700 | 1 |
_aSinger, Hans Wolfgang _eEditor _97397 |
|
| 902 | _aGFM | ||
| 942 |
_2lcc _cB |
||
| 999 |
_c3711 _d3711 |
||